[Event "Minsk op"]
[Site "Minsk"]
[Date "1996.??.??"]
[Round "1"]
[White "Pushkarjova, Olga"]
[Black "Neverov, Valeriy"]
[Result "0-1"]
[WhiteElo "2020"]
[BlackElo "2515"]
[PlyCount "64"]
[EventDate "1996.??.??"]
[EventType "swiss"]
[EventRounds "9"]
[EventCountry "BLR"]
[SourceTitle "EXT 2000"]
[Source "ChessBase"]
[SourceDate "1999.11.16"]
[SourceVersion "1"]
[SourceVersionDate "1999.11.16"]
[SourceQuality "1"]

1. d4 Nf6 2. c4 c5 3. d5 b5 4. cxb5 a6 5. f3 axb5 6. e4 Qa5+ 7. Bd2 b4 8. Na3 d6 9. Nc4 Qa7 10. Ne2 g6 11. Ng3 Bg7 12. Be2 Ba6 13. Qc1 0-0 14. 0-0 Nbd7 15. a3 Bxc4 16. Bxc4 Ne5 17. Kh1 Nxc4 18. Qxc4 Nd7 19. Rfb1 Rfb8 20. Qc1 bxa3 21. Rxa3 Qb7 22. Rxa8 Qxa8 23. Bc3 Qa2 24. Bxg7 Kxg7 25. Nf1 Ne5 26. Nd2 Rb4 27. h3 Qa6 28. Qc3 Kg8 29. Kh2 Qc8 30. Ra1 Rd4 31. Kg1 Qd7 32. Ra8+ Kg7 0-1